Interaktivní management - od dohadů k efektivní komunikaci

Hľadanie najefektívnejšej cesty ako osloviť zákazníka. Individuálne oslovenie zákazníkov. SAS Interaction Management umožňuje firmám cielene osloviť individuálnych zákazníkov namiesto doposiaľ využívaných marketingových segmentov. Využívanie interaktívneho marketingu.

Saved in:
Bibliographic Details
Main Author: Panec, Zdeněk
Format: Book Chapter
Language:Czech
Subjects:
Tags: Add Tag
No Tags, Be the first to tag this record!

MARC

LEADER 00000naa$a2200000$$$4500
001 0005422
005 20231004073435.1
041 0 |a cze 
044 |a CZ 
245 1 0 |a Interaktivní management - od dohadů k efektivní komunikaci  |c aut. Zdeněk Panec 
520 |a Hľadanie najefektívnejšej cesty ako osloviť zákazníka. Individuálne oslovenie zákazníkov. SAS Interaction Management umožňuje firmám cielene osloviť individuálnych zákazníkov namiesto doposiaľ využívaných marketingových segmentov. Využívanie interaktívneho marketingu. 
610 2 0 |a zákazníci 
610 2 0 |a marketing interaktívny 
610 2 0 |a správanie spotrebiteľa 
610 2 0 |a komunikácia 
100 1 |a Panec, Zdeněk